000 00494nam a2200181Ia 4500
001 3313
005 20260306145634.0
008 260306t1997||||xx |||||||||||||| ||spa||
041 _aESP
082 _a269.092
_bK61
100 _aKleinberg M., Aviad
_eAUT
245 0 _aProphets in their own country:
_bliving saints and the making of sainthood in the later middle ages
260 _c1997
300 _a189 páginas :
_c21 cm.
650 _aGEN
654 _aCHU
942 _cLIB
_dJUS
_fJUS
_2ddc
_n
999 _c3313
_d3313